MDQL
is popping MORE tags! Check the
thread
!
Quizzes
Events
Quiz Creation
Community
Videos
Private Events
Remove Ads
Sign In
Join for FREE
Feedback
Dark Mode
Quiz Categories
Sports
Geography
Music
Movies
Television
Just For Fun
Miscellaneous
History
Literature
Language
Science
Gaming
Entertainment
Religion
Holiday
For Kids
Quiz Lab
Recent
Popular Today
Quiz Kudos Today
Editor Picks
Curator Picks
Quizzes by...
Day
Popularity
Type
Ratings
Length
Year
Community
Subscriptions
Recent Discussions
Orange Saloon
Badges
Playlists
Quests
Create
Leaderboards
Showdown
Live 5
Trivia Bingo
Activity
Puzzle Library
Sporcle Events
Private Events
Virtual Trivia
Globe League
Become a Host
Pub Owners
SporcleCon
Opinionation
Our Games
Videos
Blog
Mobile Apps
Partnerships
Remove Ads and Go Orange
Feedback
Gaming
Video Games
Board Games
Card Games
Pokémon
Mario
Nintendo
Minecraft
Console
Toys
Legend of Zelda
Gaming
Video Games
Board Games
Card Games
Pokémon
Mario
Nintendo
Minecraft
Console
Toys
Legend of Zelda
Random Quiz
Search Sporcle
×
Quiz Lab
Quiz Lab
Gaming
Pokémon
Type in answers that appear in a list
Type in answers that appear in a list
Classic
Best Score? Go Orange.
Unlicht-Pokémon Challenge (deutsch, German, Gen 1-9) Stats
Kennst du alle Unlicht-Pokémon?
By
Tycio
9m
82 Questions
403 Plays
403 Plays
403 Plays
Comments
Comments
Give Quiz Kudos
Give Quiz Kudos
-
- Ratings
hide this ad
Replay
Link that replays current quiz
Next Quiz
Link to next quiz in quiz playlist
You Got
0%
They Got
Avg Score
54%
Avg Friend Score
Upgrade to see
Score Distribution
Jump to the score distribution portion of the page
Score
0/82
Timer
09:00
0
Plays Today
Pokédex Nummer
Pokémon
% Correct
229
Hundemon
94.8%
228
Hunduster
94.3%
020
Alola-Rattikarl
93.5%
019
Alola-Rattfratz
93.2%
130
Mega-Garados
90.1%
215
Sniebel
87.8%
198
Kramurx
87.3%
302
Zobiris
87.1%
461
Snibunna
86.1%
146
Galar-Lavados
85.9%
319
Tohaido
85.1%
635
Trikephalo
85.1%
275
Tengulist
84.9%
634
Duodino
84.9%
263
Galar-Zigzachs
84.4%
430
Kramshef
83.6%
274
Blanas
82.6%
442
Kryppuk
82.4%
633
Kapuno
82.4%
088
Alola-Sleima
82.3%
089
Alola-Sleimok
82%
264
Galar-Geradaks
81.6%
052
Alola-Mauzi
81.3%
053
Alola-Snobilikat
81%
318
Kanivanha
80.6%
261
Fiffyen
77.7%
197
Nachtara
77.4%
262
Magnayen
77.4%
Pokédex Nummer
Pokémon
% Correct
248
Despotar
73.9%
551
Ganovil
73.7%
553
Rabigator
73.7%
862
Barrikadax
72.1%
491
Darkrai
71.5%
560
Irokex
71.5%
717
Yveltal
71.5%
435
Skuntank
71%
643
Caesurio
71%
559
Zurrokex
70.7%
552
Rokkaiman
70.5%
642
Gladiantri
69.7%
434
Skunkapuh
69.2%
452
Piondragi
69.2%
332
Noktuska
69%
859
Bähmon
67.7%
861
Olangaar
67.7%
630
Grypheldis
65.8%
359
Absol
65.5%
687
Calamanero
64.3%
629
Skallyk
64%
860
Pelzebub
63.9%
510
Kleoparda
63.8%
509
Felilou
63%
686
Iscalar
63%
503
Hisui-Admurai
61.9%
342
Krebutack
61.5%
720
Hoopa (Entfesselt)
61.5%
Pokédex Nummer
Pokémon
% Correct
675
Pandagro
60.5%
658
Quajutsu
58.1%
877
Morpeko
56.5%
570
Zorua
56.1%
799
Schlingking
55.4%
571
Zoroark
55.3%
211
Hisui-Baldorfish
52.2%
828
Gaunux
47.6%
827
Kleptifux
47.3%
727
Fuegro
46.4%
893
Zarude
44.9%
892
Wulaosu (Fokussierter Stil)
44.2%
904
Myriador
41.6%
908
Maskagato
38.9%
983
Gladimperio
36.1%
1003
Dinglu
36.1%
920
Lextremo
33.3%
1004
Yuyu
33.3%
986
Wutpilz
27.8%
1002
Baojian
27.8%
1005
Donnersichel
25%
993
Eisenhals
22.2%
962
Adebom
19.4%
943
Mastifioso
16.7%
942
Mobtiff
16.7%
1001
Chongijan
2.8%
Quiz Playlist
Details
Report
Send in Message
Add To Playlist
Classic:
Type in answers that appear in a list
Last Updated: Mar 28, 2023
Quiz Scoreboard
CHALLENGE
Sign Up to Join the Scoreboard
Show All
Scores
Hide
Comments
May contain spoilers
Recently Published
5x2 Blitz: Bands
by SL_Kpop136
Music
30s
Colored Red Africa Blitz
by spor1
Geography
30s
Find the 'City' Movie
by crazypaving
Movies
60s
More to Explore
Quiz From the Vault
Featured Blog Post
14 Easter Pick-up Lines to Find Eggs With
hide this ad
You Might Also Like...
Tags
German Quiz
Pokémon Quiz
dark
Dark Pokémon
deutsch
Today's Top Quizzes in Gaming
Browse Gaming
hide this ad
Today's Top Quizzes in Pokémon
Browse Pokémon
Top Contributed Quizzes in Gaming
1
Dead By Daylight Logic Puzzle
2
Destiny 2 exotic weapons by perk icons
3
League of Legends Pro Players by Career/Team History
4
Genshin Impact Logic Puzzle Quiz II
5
Windmill: Elements
6
Minecraft Typing Challenge
7
Pokémon Spelling Bee
8
Genshin murder mystery
9
Legendary or Exotic?
10
Overwatch 2: Ultimate Ability Icons
Explore More
Trending Topics
NBA
Kpop
Harry Potter
Marvel
Disney
Crossword
Anime
The Office
NFL
WWE
Soccer
Pokémon
Puzzle
Country
Song
hide this ad
More By:
Tycio
Quiz
Plays
Rating
Category
Featured
Created
Feuer-Pokémon Challenge (deutsch, German, Gen1-9)
773
5.00
Gaming
Aug 26, 2016
Drachen-Pokémon Challenge (deutsch, German, Gen 1-9)
575
5.00
Gaming
Aug 26, 2016
Wasser-Pokémon Challenge (deutsch, German, Gen1-9)
555
Gaming
Nov 20, 2016
Pflanze-Pokémon Challenge (deutsch, German, Gen 1-9)
540
5.00
Gaming
Aug 29, 2016
Geist-Pokémon Challenge (deutsch, German, Gen 1-9)
487
Gaming
Sep 2, 2016
Go to Creator's Profile
Score Distribution
Quiz Creator Spotlight
Tycio
Follow
Send a Message
Quizzes Created
-
Created Quiz Play Count
-
More By This Creator
Popular Quizzes Today
1
Find the 'City' Movie
2
Colored Red Africa Blitz
3
Find the US States - No Outlines Minefield
4
5x2 Blitz: Bands
5
The Countries of the World
6
Find the US States
7
US States
8
9x9 Crossword: Cartoon Network
More Gaming Quizzes
Minecraft Ores
Published
Trending Quizzes
Colored Red Europe Blitz I
Colored Red Africa Blitz II
Colored Red Europe Blitz II
Colored Red Africa Blitz III
Colored Red Europe Blitz III
Recently Updated
Famous TV Couples
Peacemaker
Champions League XIs: Real Madrid
pecheneg
Largest US Cities 1790-2010
pecheneg
Rides in Walt Disney World
pecheneg
Most Oscar Losses (Acting)
pecheneg
Beyoncé Albums
pecheneg
Leaping Animals
pecheneg
Reality TV Shows (A-Z)
bhenderson79
Rickey Henderson's Hall of Fame Teammates
pecheneg
Champions League XIs: Arsenal
pecheneg
Trending Topics
Anime
NBA
Kpop
Marvel
Disney
Crossword
Harry Potter
The Office
Soccer
Song
Puzzle
NFL
Pokémon
WWE
Country
Your Account Isn't Verified!
In order to create a playlist on Sporcle, you need to verify the email address you used during registration. Go to your
Sporcle Settings
to finish the process.
Report this User
Report this user for behavior that violates our
Community Guidelines
.
Details:
Send Report
Go to the Sporcle.com Mobile Site →
Comments